| 000 | 00336nam a2200133Ia 4500 | ||
|---|---|---|---|
| 008 | 210430s9999 xx 000 0 und d | ||
| 020 | _a102210231283 | ||
| 082 | _a546 S5241 I | ||
| 100 | _aA G Sharpe | ||
| 245 |
_aInorganic Chemistry _cA G Sharpe |
||
| 260 |
_aIslamabad _bNational Book F _c2010 |
||
| 300 | _a702p | ||
| 942 |
_cBK _2ddc |
||
| 999 |
_c562162 _d562162 |
||